[Event "Elitserien Allsvenskan 2019-20"]
[Site "Lund"]
[Date "2020.01.31"]
[Round "6.14"]
[White "Lundstedt, Peter"]
[Black "Rothen, Hakan"]
[Result "1/2-1/2"]
[WhiteElo "2088"]
[BlackElo "2252"]
[Annotator "TA"]
[PlyCount "141"]
[EventDate "2019.10.18"]
[EventType "team-tourn"]
[EventCountry "SWE"]
[SourceTitle "playchess.com"]
[Source "ChessBase"]
[SourceQuality "1"]

{[%evp 9,141,25,18,17,43,38,38,-4,30,28,37,37,43,39,38,28,51,25,40,19,37,22,27,17,37,31,33,35,35,10,23,24,44,0,12,11,15,18,21,23,23,39,39,47,35,29,30,29,31,19,24,0,0,0,5,0,0,0,6,5,14,0,0,0,0,0,0,-2,-2,-2,-2,-6,-5,-14,-14,-14,-14,-14,-8,-13,0,0,0,-21,0,0,0,0,0,-7,0,0,0,0,0,0,0,0,0,0,0,0,0,0,0,0,0,0,0,0,0,0,0,0,0,0,0,0,0,0,0,0,0,0,0,0,0,0,0,0,0,0,0,0]} 1. d4 Nf6 2. Nf3 c5 3. d5 e6 4. Nc3 b5 5. Nxb5 {[#]} Qa5+ $146 ({Predecessor:} 5... exd5 6. e3 Bb7 7. Be2 Be7 8. O-O O-O 9. b3 Nc6 10. c4 dxc4 11. bxc4 d5 12. cxd5 Nxd5 {0-1 (77) Krush,I (2491)-Muzychuk,M (2524) Khanty-Mansiysk 2014}) 6. Nc3 {Threatening Bd2. A43: Schmid Benoni} exd5 {[#] aiming for ...d4.} 7. Bd2 {Threatens to win with Nxd5!} Qb6 8. e3 {White is slightly better.} Ba6 9. Bxa6 Nxa6 10. O-O Nc7 11. b3 Be7 12. Na4 Qe6 13. Bc3 O-O 14. Bb2 Rfd8 15. Rc1 Ne4 16. Nd2 Rab8 17. c4 Nxd2 18. Qxd2 dxc4 {[#]} 19. Qc3 $1 {[%csl Gb2][%cal Rc3g7][%mdl 512]} Qg6 (19... Ne8 {is interesting.} 20. Qxc4 Qxc4 21. Rxc4 d5 22. Rc2 c4) 20. Qxc4 d5 21. Qc2 Na6 22. Qxg6 hxg6 23. Ba3 {[%cal Ra4c5]} Rbc8 24. Rfd1 Kf8 25. Kf1 c4 26. Bxe7+ Kxe7 27. bxc4 dxc4 28. Rxd8 Kxd8 $14 {[%mdl 4096] Endgame KRN-KRN} 29. Ke2 Nb4 30. a3 Nd3 {The position is equal.} 31. Rc2 Rc6 32. Nb2 Nxb2 33. Rxb2 $11 {KR-KR} Kc7 34. Rb4 Rc5 35. Kd2 a5 $1 {[%cal Ra5b4]} 36. Rb1 Rd5+ 37. Kc3 Rd3+ 38. Kxc4 Rxa3 39. Rb2 Kc6 40. Rc2 g5 41. Kd4+ Kd6 42. Rb2 Ra4+ 43. Kc3 Kc6 44. Rc2 Rb4 45. Ra2 Rb5 46. e4 Kd6 47. Rd2+ Ke6 48. Rd8 Rc5+ 49. Kd2 g6 50. f3 Rb5 51. Kc2 Kf6 52. Rd7 Rc5+ 53. Kd2 Ke6 54. Rd8 (54. Ra7 {seems wilder.} Rb5 55. Kc3 Rc5+ 56. Kd4 Rc2 57. Ra6+) 54... f5 55. exf5+ gxf5 56. Rg8 Kf6 57. Re8 Rd5+ 58. Kc3 Re5 59. Rf8+ Ke6 60. Ra8 f4 61. Re8+ Kf6 62. Rf8+ Kg7 63. Ra8 Re2 64. Rxa5 Rxg2 65. Kd3 Kg6 66. Ra6+ Kh5 67. Ra8 Rb2 68. Ke4 Rb4+ 69. Kf5 {[%cal Ra8h8]} Rb5+ 70. Kf6 {[%cal Ra8h8]} Rb6+ 71. Kf5 {Accuracy: White = 95%, Black = 97%.} 1/2-1/2

[Event "Elitserien Allsvenskan 2019-20"]
[Site "Lund"]
[Date "2020.01.31"]
[Round "6.15"]
[White "Gustafsson, Fredrik"]
[Black "Olofsson-Dolk, Mattis"]
[Result "0-1"]
[WhiteElo "2089"]
[BlackElo "2218"]
[Annotator "TA"]
[PlyCount "58"]
[EventDate "2019.10.18"]
[EventType "team-tourn"]
[EventCountry "SWE"]
[SourceTitle "playchess.com"]
[Source "ChessBase"]
[SourceQuality "1"]

{[%evp 11,58,7,16,-36,-38,-33,-33,-62,-66,-71,-46,-66,-40,-72,-61,-62,-60,-53,-55,-102,-22,-33,-22,-80,-29,-110,-96,-107,-101,-108,-114,-162,-95,-166,-118,-130,-107,-216,-172,-645,-635,-1241,-1231,-1222,-1182,-1187,-1168,-1350,-1327]} 1. e4 c5 2. Nc3 a6 3. g3 b5 4. Bg2 Bb7 5. d3 e6 6. f4 d5 7. e5 {B23: Closed Sicilian: Lines without g3} ({Better is} 7. f5 $11) 7... h5 $15 8. Nf3 Nc6 9. a3 {Black is slightly better.} Nh6 10. Ne2 Nf5 {[#]} 11. d4 $146 ({Predecessor:} 11. h4 f6 12. d4 Nfxd4 13. Nexd4 cxd4 14. Nxd4 Nxd4 15. Qxd4 Rc8 16. c3 Bc5 17. Qd3 f5 {½-½ (17) Hummer,J-Mayer,S (2214) Charlottesville 2000}) 11... cxd4 12. Nexd4 Nfxd4 13. Nxd4 Nxd4 14. Qxd4 Rc8 15. Qd3 Bc5 (15... Qc7 $17 16. Kd1 h4) 16. Bd2 $11 Qb6 17. c3 (17. Rf1 $11) 17... g6 (17... d4 $17 18. Bxb7 Qxb7) 18. b4 (18. Rf1 $11) 18... Bf2+ $17 19. Ke2 {Black must now prevent Rhf1.} Qa7 $1 20. Rhf1 Bb6 21. Rac1 {[#]} O-O ({Black should play} 21... Rc4 $1 $19 22. Rfe1 d4 23. Bxb7 Qxb7) 22. Bf3 (22. f5 $17 {was worth a try.} exf5 23. Rxf5) 22... Rfd8 23. Be3 {[#]} Rc4 $1 24. Rfd1 (24. Bxb6 $17 Qxb6 25. Qe3) 24... Rdc8 25. g4 $2 (25. Kf2) 25... hxg4 $19 {Black is clearly winning.} 26. Bxg4 Re4 27. Qxe4 dxe4 28. Bxb6 Qxb6 29. Rd6 Qc7 {Accuracy: White = 31%, Black = 67%.} 0-1

[Event "Elitserien Allsvenskan 2019-20"]
[Site "Lund"]
[Date "2020.01.31"]
[Round "6.16"]
[White "Garcia Gonzalez, Emilio Angel"]
[Black "Malesevic, Nedeljko"]
[Result "1/2-1/2"]
[WhiteElo "1984"]
[BlackElo "2257"]
[Annotator "TA"]
[PlyCount "43"]
[EventDate "2019.10.18"]
[EventType "team-tourn"]
[EventCountry "SWE"]
[SourceTitle "playchess.com"]
[Source "ChessBase"]
[SourceQuality "1"]

{[%evp 14,43,6,-12,-2,-45,-13,-38,-24,-29,-2,-26,-18,-38,-4,-4,-13,-99,-89,-103,-103,-116,-79,-125,-133,-109,-71,-68,-81,-68,-75,-86]} 1. c4 f5 2. g3 Nf6 3. Bg2 g6 4. Nc3 Bg7 5. Nf3 O-O 6. O-O d6 7. d3 e5 8. Bg5 h6 {A21: English Opening: 1...e5 2 Nc3} 9. Bxf6 (9. Bc1 {looks sharper.} Nc6 10. e3 g5 11. d4 e4 12. Ne1) 9... Bxf6 10. Nd2 c6 {Black is slightly better.} 11. Rb1 {[#]} Rf7 $146 ({Predecessor:} 11... a5 12. a3 Be6 13. b4 axb4 14. axb4 d5 15. cxd5 cxd5 16. Qb3 e4 17. dxe4 Bxc3 18. Qxc3 dxe4 {0-1 (44) Ballesteros Jimenez,M (1709)-Nunez Miranda,A (1764) Tres Cantos 2010}) 12. Qc2 Be6 13. b4 Nd7 14. b5 Rc8 15. e4 (15. e3 $11 {keeps the balance.}) 15... f4 $17 16. bxc6 bxc6 17. Rb7 Rc7 18. Rfb1 Rxb7 19. Rxb7 Nc5 20. Rxf7 Kxf7 21. gxf4 exf4 22. Ne2 {Accuracy: White = 58%, Black = 57%.} 1/2-1/2